000 00483nam a2200181Ia 4500
005 20250326125002.0
008 250326s9999 xx 000 0 und d
037 _aTextbook
040 _aFMSL
_beng
_cFMSL
041 _aeng
_2eng
084 _aX:84 L71
_qFMSL
100 _aPasad R D
245 0 _aAccountancy and ficial management
_cPasad R D
260 _aBombay
_bBombay, Himalaya
_c1977
300 _a444p
942 _cTB
_hX:84 L71
999 _c1276046
_d1276046